Statistiques concernant Noël par lettre - E

Cliquez ici pour prendre le quiz!

Statistiques générales

  • Ce quiz a été pris 230 fois
  • Le résultat moyen est 6 sur 10

Statistiques - réponses

IndiceRéponse% Correct
Ils attendent impatiemment l'arrivée du
Père Noël et de ses cadeaux
Enfants
99%
On s'y rend pour la messe de minuitEglise
96%
Pays du Sud de l'Europe où ce n'est pas Santa
mais les Rois mages qui apportent les cadeaux
Espagne
85%
Douze jours après Noël, pour célébrer
l'arrivée des Rois mages et manger la galette
Epiphanie
84%
Renne de Santa au nom foudroyantEclair
69%
Fonction religieuse de Saint NicolasEvêque
59%
Présent des Rois mages, avec l'or et la myrrheEncens
46%
"Mon coeur amoureux s'est pris au piège
de tes grands yeux" y suit le titre
Etoile des neiges
31%
Prénom de Scrooge, protagoniste
d'Un chant de Noël
Ebenezer
12%
Autre nom du Christ, notamment utilisé
par Saint Mathieu dans son évangile
Emmanuel
12%

Distribution des résultats

Percentile par nombre de réponses

% des personnes avec chaque résultat

Votre développement - résultats

Vous n’avez pas pris ce quiz